| 000 | 00670nam a22002057a 4500 | ||
|---|---|---|---|
| 999 |
_c16113 _d16113 |
||
| 003 | AR-CdUCM | ||
| 008 | 190307b ||||| |||| 00| 0 spa d | ||
| 040 |
_aMUNICIPALIDAD PROVINCIAL DEL CUSCO _cBIBLIOTECA MUNICIPAL DEL CUSCO |
||
| 082 |
_a869.1 / _bV33 |
||
| 100 |
_aVasconcelos, José _9412 |
||
| 245 | _aPrometeo vencedor / | ||
| 260 |
_aMadrid : _b América, |
||
| 300 |
_a236 páginas ; _c19 cm. |
||
| 505 | _aContenido: Prometeo vencedor -- Monismo estético -- Introducción -- La sinfonía como forma literaria ... | ||
| 650 |
_aLiteratura _983 |
||
| 650 |
_aEspañola _924066 |
||
| 650 |
_aSiglo XX _98 |
||
| 942 |
_2ddc _cLIBROS |
||
| 945 |
_arah _d02/05/2019 |
||